000 00339 a2200157 4500
001 178510
020 _a
040 _cMagnum
100 _aCasasanta, Therezinha
240 1 0 _aO gato que mudava de casa
_lpor
245 1 0 _aO gato que mudava de casa
362 0 _a1899
440 1 _aFTD
697 _aMAGNITO: I/ANIMAIS
942 _cBK
999 _c178510
_d178510